MARC

LEADER 00000nam0a2200000 4500
001 243536
005 20231101231959.0
035 |a (RuTPU)RU\TPU\book\264886 
090 |a 243536 
100 |a 20130930d1953 m y0rusy50 ca 
101 0 |a rus 
102 |a RU 
105 |a a j 001zy 
200 1 |a Аксонометрия  |e учебное пособие для вузов  |f Е. А. Глазунов, Н. Ф. Четверухин 
210 |a Москва  |c Гостехтеоретиздат  |d 1953 
215 |a 291 с.  |c ил. 
320 |a Библиогр.: с. 287-288. 
320 |a Алфавитный указатель: с. 289-291. 
606 1 |a Аксонометрия  |2 stltpush  |3 (RuTPU)RU\TPU\subj\1656  |9 30389 
610 1 |a учебные пособия 
610 1 |a параллельное проектирование 
610 1 |a аффинорная алгебра 
610 1 |a аксонометризация 
610 1 |a проекции 
610 1 |a многогранники 
610 1 |a кривые поверхности 
675 |a 514.181.6  |v 3 
700 1 |a Глазунов  |b Е. А. 
701 1 |a Четверухин  |b Н. Ф. 
801 1 |a RU  |b 63413507  |c 20130930 
801 2 |a RU  |b 63413507  |c 20131105  |g RCR 
942 |c BK